Learning a second language through interaction

Bibliographic Details
Main Authors: Ellis, Rod , 1939- (Author), Fotos, Sandra (Author)
Format: Book
Language:English
Published: Amsterdam ; Philadelphia : John Benjamins , c1999
Series:Studies in bilingualism, 0928-1533 v. 17
Subjects:

MARC

LEADER 00000cam a2200000 7i4500
001 0000008731
005 20161205093000.0
008 061031s1999 ne eng
020 |a 1556197365 (US : hb) 
020 |a 9027241244 (Euro : hb) 
090 0 0 |a P118.2   |b .E38 1999 
100 1 |a Ellis, Rod ,   |d 1939- ,   |e author 
245 1 0 |a Learning a second language through interaction   |c Rod Ellis ; with contributions from Sandra Fotos ... [et al.] 
260 2 |a Amsterdam ;   |a Philadelphia :   |b John Benjamins ,   |c c1999 
300 |a x, 285 p. ;   |c 21 cm. 
440 0 |a Studies in bilingualism, 0928-1533   |v v. 17 
504 |a Includes bibliographical references (p. [259]-280) and index 
650 0 |a Interaction analysis in education 
650 0 |a Second language acquisition 
700 1 |a Fotos, Sandra ,   |e author 
999 |a 1000105847   |b Book   |c OPEN SHELF (30 DAYS)   |e Gong Badak Campus